Вып. 19; Вестник Российской Академии естественных наук (Западно-Сибирское отделение)

מידע ביבליוגרפי
Parent link:Вестник Российской Академии естественных наук (Западно-Сибирское отделение)/ Российская академия естественных наук (РАЕН), Западно-Сибирское отделение. Вып. 19.— , 1997-
מחברים אחרים: Протопопов Е. В. (редактор)
שפה:רוסית
יצא לאור: 2016
נושאים:
פורמט: ספר
KOHA link:https://koha.lib.tpu.ru/cgi-bin/koha/opac-detail.pl?biblionumber=336742

MARC

LEADER 00000nam2a2200000 4500
001 336742
005 20231102004902.0
035 |a (RuTPU)RU\TPU\book\363194 
035 |a RU\TPU\book\319313 
090 |a 336742 
100 |a 20171023d2016 k y0rusy50 ca 
101 0 |a rus 
102 |a RU 
105 |a a z 001zy 
200 0 |a Вып. 19  |f отв. ред. Е. В. Протопопов 
210 |d 2016 
215 |a 231 с.  |c ил. 
320 |a Библиогр. в конце ст. 
461 1 |0 (RuTPU)RU\TPU\book\126654  |t Вестник Российской Академии естественных наук (Западно-Сибирское отделение)  |f Российская академия естественных наук (РАЕН), Западно-Сибирское отделение  |v Вып. 19  |d 1997-  
606 1 |a Естественные науки в целом  |2 stltpush  |3 (RuTPU)RU\TPU\subj\38878  |9 59127 
610 1 |a геотехнологии 
610 1 |a геомеханика 
610 1 |a нефтегазовые месторождения 
610 1 |a разработка 
610 1 |a металлургия 
610 1 |a агротехнология 
610 1 |a биомедицина 
610 1 |a экология 
610 1 |a труды учёных ТПУ 
675 |a 50  |v 3 
702 1 |a Протопопов  |b Е. В.  |4 340 
801 1 |a RU  |b 63413507  |c 20110204 
801 2 |a RU  |b 63413507  |c 20231009  |g RCR 
942 |c BK